この画像にいる人(2chのコテハンのオフ会編) - Statistics

General Stats
  • This quiz has been taken 47 times
  • The average score is 4 of 9
Answer Stats
Picture Answer % Correct
雪の降る町
94%
心理
77%
戦場のオナニスト
57%
ハデス
49%
心太
40%
ネギさま
31%
こまち
29%
◆SAZABLIZRY
23%
雨坊主
11%
No matching quizzes found
Score Distribution
Percent of People with Each Score
Percentile by Number Answered
Your Score History
You have not taken this quiz